| 000 | 01096nam a2200313 i 4500 | ||
|---|---|---|---|
| 003 | DO-SdBNP | ||
| 005 | 20260305124930.0 | ||
| 007 | ta | ||
| 008 | 260305b2025 dr ||||| |||| 00| 0 spa d | ||
| 020 | _a9789945423549 | ||
| 040 |
_aDO-SdBNP _bspa _cBNPHU _erda |
||
| 041 | _aspa | ||
| 082 | 4 |
_axxx _bP349m 2025 _222 |
|
| 100 |
_aPeña Pérez, Edgar _eautor _422 _989146 |
||
| 245 | 1 | 0 |
_aManual para el diseño y desarrollo del trabajo final de Grado / _cEdgar Peña Pérez. |
| 264 | 4 |
_aSanto Domingo, República Dominicana : _bUniversidad APEC, _c©2025. |
|
| 300 |
_a77, [4] páginas ; _c23 cm. |
||
| 336 |
_atexto _btxt _2rdacontent |
||
| 337 |
_asin mediación _bn _2rdamedia |
||
| 338 |
_avolumen _bnc _2rdacarrier |
||
| 490 | 1 | _aColección Unapec por un mundo mejor | |
| 490 | 1 |
_aSerie investigación _v6 |
|
| 500 | _aIncluye datos biográficos del autor en las páginas [79] | ||
| 504 | _aBibliografía: páginas [75]-77 | ||
| 590 | _aInventariado, 2026 /LP | ||
| 830 |
_aColección Unapec por un mundo mejor _pSerie investigación _v6 _989147 |
||
| 910 | _aLP | ||
| 942 |
_2ddc _cLBS1 |
||
| 999 |
_c60439 _d60439 |
||